|
|
|
|
| LEADER |
01460nam a2200373 4500 |
| 001 |
ocn795922301 |
| 003 |
OCoLC |
| 005 |
20180501122000.0 |
| 006 |
m o d |
| 007 |
cr un||||||||| |
| 008 |
120620s2002 enkac ob 001 0 eng d |
| 040 |
|
|
|a UIU
|b eng
|e pn
|c UIU
|d OCLCQ
|d OCLCF
|d OCLCQ
|d GrThAP
|
| 020 |
|
|
|a 0444509062
|
| 020 |
|
|
|a 9780444509062
|
| 035 |
|
|
|a (OCoLC)795922301
|
| 050 |
|
4 |
|a QA297
|b .H3 2002
|
| 082 |
0 |
4 |
|a 519.4
|2 21
|
| 084 |
|
|
|a 31.76
|2 bcl
|
| 049 |
|
|
|a TEFA
|
| 245 |
0 |
0 |
|a Handbook of numerical analysis.
|n Vol. 8,
|p Solution of equations in R [superscript n] (part 4), techniques of scientific computing (part 4), numerical methods for fluids (part 2) /
|c general editors, P.G. Ciarlet, J.L. Lions.
|
| 260 |
|
|
|a Amsterdam ;
|a London :
|b Elsevier,
|c 2002.
|
| 300 |
|
|
|a 1 online resource (xii, 661 pages) :
|b illustrations, 1 portrait
|
| 336 |
|
|
|a text
|b txt
|2 rdacontent
|
| 337 |
|
|
|a computer
|b c
|2 rdamedia
|
| 338 |
|
|
|a online resource
|b cr
|2 rdacarrier
|
| 504 |
|
|
|a Includes bibliographical references and index.
|
| 588 |
0 |
|
|a Print version record.
|
| 650 |
|
0 |
|a Numerical analysis.
|
| 650 |
|
7 |
|a Numerical analysis.
|2 fast
|0 (OCoLC)fst01041273
|
| 655 |
|
4 |
|a Electronic books.
|
| 700 |
1 |
|
|a Ciarlet, Philippe G.
|
| 700 |
1 |
|
|a Lions, J.-L.
|q (Jacques-Louis),
|d 1928-2001.
|
| 776 |
0 |
8 |
|i Print version:
|z 9780444509062
|w (OCoLC)48782733
|
| 856 |
4 |
0 |
|u https://www.sciencedirect.com/science/handbooks/15708659/8
|z Full Text via HEAL-Link
|